00409nam a2200157Ia 4500008004100000082001000041100001900051245002500070260003400095300000800129365000600137520002900143630002500172650002900197730002500226100917s9999 xx 000 0 und d b46508 aElfrida Vipont aThe Lark In The Morn bOxford University Pressc1973 a151 b0 aबालविभाग aThe Lark In The Morn aबालविभाग aThe Lark In The Morn